[Event "TCh-CHN"]
[Site "Guangzhou CHN"]
[Date "2010.09.11"]
[Round "11"]
[White "Liu, Qingnan"]
[Black "Li, Chao b"]
[Result "1/2-1/2"]
[WhiteTitle "IM"]
[BlackTitle "GM"]
[WhiteElo "2445"]
[BlackElo "2613"]
[WhiteTeam "TIANJIN Nan Kai"]
[BlackTeam "BEIJING Aigo"]
[WhiteFideId "8603294"]
[BlackFideId "8604436"]
[EventDate "2010.05.23"]

1. d4 Nf6 2. c4 g6 3. Nf3 Bg7 4. g3 d5 5. cxd5 Nxd5 6. Bg2 Nb6 7. O-O Nc6 8. e3
O-O 9. Nc3 Re8 10. d5 Na5 11. Nd4 Bd7 12. e4 c6 13. Re1 cxd5 14. exd5 Rc8 15.
Bf4 Nac4 16. b3 Nd6 17. Qd2 Nf5 18. Nce2 Nxd4 19. Nxd4 e5 20. dxe6 Bxe6 21. Rad1
Bg4 22. Nf3 Qxd2 23. Rxe8+ Rxe8 24. Rxd2 Bd7 25. Be3 Bc6 26. Nh4 Bxg2 27. Nxg2
Bf6 28. Nf4 Rd8 29. Rxd8+ Bxd8 30. Nd3 Nc8 1/2-1/2

[Event "TCh-CHN"]
[Site "Guangzhou CHN"]
[Date "2010.09.11"]
[Round "11"]
[White "Xiu, Deshun"]
[Black "Li, Haoyu"]
[Result "1-0"]
[WhiteElo "2493"]
[BlackElo "2369"]
[WhiteTeam "BEIJING Aigo"]
[BlackTeam "TIANJIN Nan Kai"]
[WhiteFideId "8603693"]
[BlackFideId "8601488"]
[EventDate "2010.05.23"]

1. d4 Nf6 2. Nf3 e6 3. c4 b6 4. g3 Bb7 5. Bg2 Bb4+ 6. Nc3 O-O 7. Bd2 d6 8. O-O
Nbd7 9. d5 e5 10. Nh4 a5 11. e4 Re8 12. Qc2 Nc5 13. Nf5 c6 14. f4 cxd5 15. exd5
e4 16. Nb5 Bxd2 17. Qxd2 e3 18. Nxe3 Ba6 19. Nc3 Nfe4 20. Nxe4 Nxe4 21. Qd4 Qf6
22. Qxf6 Nxf6 23. Rfe1 g6 24. b3 Nd7 25. Nc2 Nc5 26. Bf1 Kf8 27. Nd4 Rxe1 28.
Rxe1 Re8 29. Rxe8+ Kxe8 30. Kf2 Bc8 31. Ke3 Bd7 32. Bd3 Ke7 33. Bc2 h6 34. Kf3
h5 35. h4 f5 36. Ke3 Kd8 37. Kd2 Kc7 38. a3 Nb7 39. b4 Kd8 40. Kc3 Kc7 41. Bd1
Kd8 42. Nc6+ Kc7 43. Ba4 axb4+ 44. axb4 Nd8 45. Nxd8 Bxa4 46. Ne6+ 1-0

[Event "TCh-CHN"]
[Site "Guangzhou CHN"]
[Date "2010.09.11"]
[Round "11"]
[White "Ma, Qun"]
[Black "Yu, Yangyi"]
[Result "0-1"]
[BlackTitle "GM"]
[WhiteElo "2369"]
[BlackElo "2574"]
[WhiteTeam "TIANJIN Nan Kai"]
[BlackTeam "BEIJING Aigo"]
[WhiteFideId "8603154"]
[BlackFideId "8603820"]
[EventDate "2010.05.23"]

1. e4 c5 2. Nf3 Nc6 3. d4 cxd4 4. Nxd4 Nf6 5. Nc3 e5 6. Ndb5 d6 7. Bg5 a6 8. Na3
b5 9. Nd5 Be7 10. Bxf6 Bxf6 11. c4 b4 12. Nc2 O-O 13. Be2 Bg5 14. O-O Be6 15.
Qd3 Qb8 16. Rad1 Bd8 17. b3 Ra7 18. Rd2 Kh8 19. Rfd1 Bg5 20. Nde3 Rd7 21. Bf3
Qb6 22. Qe2 Qc5 23. Bg4 Rdd8 24. Bxe6 fxe6 25. Qg4 Bxe3 26. fxe3 Rf6 27. Rf1 Rg6
28. Qh5 Kg8 29. Rdf2 d5 30. Rf3 Kh8 31. exd5 exd5 32. cxd5 Ne7 33. R3f2 Qxd5 34.
Qh4 Qe6 35. Nxb4 h6 36. Qc4 Qxc4 37. bxc4 Kg8 38. Nd5 Nxd5 39. Rd1 Rg4 40. cxd5
Re4 41. Rf3 Ra4 42. Rd2 Rd6 43. Rf5 Re4 44. Kf2 g6 45. Rf3 Kg7 46. Ke2 h5 47.
Rf1 Rg4 48. g3 Ra4 49. h3 Ra5 50. e4 Ra4 51. Kd3 Rb6 52. Rc1 Rbb4 53. Rc7+ Kh6
54. Kc3 a5 55. Rc2 Ra3+ 56. Kd2 Rxe4 57. R7c4 Rxc4 58. Rxc4 Kg7 59. Rc7+ Kf6 60.
Rc6+ Kf7 61. g4 h4 62. g5 Rxh3 63. Rf6+ Kg7 64. d6 e4 65. Ke2 Rd3 66. Re6 h3 67.
Re7+ Kf8 68. Rxe4 Rxd6 69. Rh4 Rb6 70. Rxh3 Rb2+ 71. Ke3 Rxa2 72. Rh7 Ra1 73.
Ra7 a4 74. Kd3 a3 75. Kc2 a2 76. Kb2 Rb1+ 77. Kxa2 Rb5 78. Ka3 Rxg5 79. Kb4 Re5
80. Kc4 Re7 81. Ra8+ Kg7 82. Kd4 Kh6 83. Rh8+ Kg5 84. Rh1 Re6 85. Rg1+ Kf4 86.
Rf1+ Kg4 87. Rg1+ Kf4 88. Rf1+ Kg3 89. Rg1+ Kf2 90. Rg5 Kf3 91. Rg1 Re4+ 92. Kd5
Rg4 93. Ra1 g5 94. Ra3+ Kg2 95. Ra2+ Kh3 96. Ke5 Rf4 97. Ra3+ Kg2 98. Ra7 Kg3
99. Ra1 Kg2 100. Ra2+ Kh3 101. Ra3+ Kh2 102. Ra2+ Kh3 103. Ra3+ Kh4 104. Ra1 Rf3
105. Rh1+ Rh3 0-1

[Event "TCh-CHN"]
[Site "Guangzhou CHN"]
[Date "2010.09.11"]
[Round "11"]
[White "Cai, Jiaying"]
[Black "Wang, Jue"]
[Result "1/2-1/2"]
[WhiteElo "2068"]
[BlackElo "2180"]
[WhiteTeam "TIANJIN Nan Kai"]
[BlackTeam "BEIJING Aigo"]
[WhiteFideId "8604312"]
[BlackFideId "8604070"]
[EventDate "2010.05.23"]

1. e4 c5 2. Nf3 d6 3. d4 Nf6 4. Nc3 cxd4 5. Qxd4 Nc6 6. Bb5 Bd7 7. Bxc6 Bxc6 8.
Bg5 e6 9. O-O-O Be7 10. Qd3 Qa5 11. h4 h6 12. Bxf6 Bxf6 13. Nd4 O-O 14. f4 Rfd8
15. g4 Bxd4 16. Qxd4 Qc5 17. g5 h5 18. Rh3 e5 19. Qd2 exf4 20. Qxf4 Rac8 21.
Rhd3 Re8 22. Qxd6 Qf2 23. Qg3 Qxg3 24. Rxg3 Bxe4 25. Rd4 Bc6 26. Kd2 Re5 27. Re3
Rce8 28. Rxe5 Rxe5 29. Ne2 Kf8 30. c4 Ke7 31. Nf4 g6 32. b4 a6 33. Nd3 Rf5 34.
Nf4 Re5 35. Nd3 Rf5 36. Nf4 Re5 1/2-1/2

[Event "TCh-CHN"]
[Site "Guangzhou CHN"]
[Date "2010.09.11"]
[Round "11"]
[White "Zhang, Pengxiang"]
[Black "Zeng, Chongsheng"]
[Result "1/2-1/2"]
[WhiteTitle "GM"]
[WhiteElo "2605"]
[BlackElo "2350"]
[WhiteTeam "HEBEI"]
[BlackTeam "BEIJING Rendafuzhong"]
[WhiteFideId "8600970"]
[BlackFideId "8603847"]
[EventDate "2010.05.23"]

1. e4 c5 2. Nf3 e6 3. d4 cxd4 4. Nxd4 Nf6 5. Nc3 d6 6. g4 h6 7. h3 Nc6 8. Bg2
Bd7 9. Qd2 Nxd4 10. Qxd4 Bc6 11. Be3 Be7 12. O-O-O Qa5 13. Kb1 O-O 14. Rhg1 Rfd8
15. Qd2 Qc7 16. f4 d5 17. e5 1/2-1/2

[Event "TCh-CHN"]
[Site "Guangzhou CHN"]
[Date "2010.09.11"]
[Round "11"]
[White "Wang, Doudou"]
[Black "Xu, Ruoying"]
[Result "1-0"]
[WhiteElo "2225"]
[BlackElo "2028"]
[WhiteTeam "HEBEI"]
[BlackTeam "BEIJING Rendafuzhong"]
[WhiteFideId "8603197"]
[BlackFideId "8603707"]
[EventDate "2010.05.23"]

1. d4 Nf6 2. c4 c5 3. d5 b5 4. cxb5 a6 5. bxa6 Bxa6 6. Nc3 d6 7. Nf3 g6 8. e4
Bxf1 9. Kxf1 Bg7 10. h3 O-O 11. Kg1 Nbd7 12. Kh2 Qa5 13. Re1 Rfb8 14. Re2 Ne8
15. Rc2 Nc7 16. Qe2 Nb6 17. Bd2 Qa6 18. Qxa6 Nxa6 19. Nd1 f5 20. exf5 Nxd5 21.
fxg6 hxg6 22. a3 Nf6 23. Rb1 Ne4 24. Bc3 e5 25. Re2 Nxc3 26. Nxc3 Nc7 27. Rd1
Ra6 28. Ng5 Nb5 29. Nxb5 Rxb5 30. Ne4 Bf8 31. Red2 Kg7 32. Nxd6 Bxd6 33. Rxd6
Rxd6 34. Rxd6 Rxb2 35. f3 Ra2 36. Re6 Rxa3 37. Rxe5 Rc3 38. Re6 Rc2 39. h4 c4
40. Rc6 c3 41. Kh3 Rc1 42. Kg4 Kf7 43. Kg5 c2 44. Rc7+ Ke6 45. Kxg6 Kd6 46. Rc8
Rh1 47. Rxc2 Rxh4 48. Re2 Rf4 49. Kg5 Rf8 50. f4 Rg8+ 51. Kh6 Rf8 52. g3 Rg8 53.
Re3 Kd5 54. Kh7 Rf8 55. Kg7 Ra8 56. f5 Kd4 57. Re7 Ra3 58. f6 Rxg3+ 59. Kf8 Ra3
60. f7 Kd5 61. Re8 Kd6 62. Kg7 1-0

[Event "TCh-CHN"]
[Site "Guangzhou CHN"]
[Date "2010.09.11"]
[Round "11"]
[White "Zhang, Jilin"]
[Black "Xu, Yuhua"]
[Result "0-1"]
[WhiteTitle "WGM"]
[BlackTitle "GM"]
[WhiteElo "2281"]
[BlackElo "2478"]
[WhiteTeam "SHANGDONG Linglong"]
[BlackTeam "ZHEJIANG"]
[WhiteFideId "8602867"]
[BlackFideId "8600635"]
[EventDate "2010.05.23"]

1. e4 e6 2. d4 d5 3. exd5 exd5 4. Nf3 Bd6 5. Bd3 Nc6 6. O-O Bg4 7. c3 Nge7 8.
Nbd2 Qd7 9. b4 Ng6 10. Nb3 O-O 11. Re1 Rae8 12. Be3 Nf4 13. Nc5 Qc8 14. Bxf4
Rxe1+ 15. Qxe1 Bxf4 16. Be2 Re8 17. Qf1 b6 18. Nd3 Bd2 19. Nxd2 Bxe2 20. Qb1 a5
21. a3 Qf5 22. Ne1 Qxb1 23. Rxb1 axb4 24. axb4 Na7 25. Rc1 Nb5 26. Nc2 c6 27.
Ne3 f6 28. h3 Ra8 29. Ndf1 Ra3 30. c4 dxc4 31. Nxc4 Bxc4 32. Rxc4 Rc3 33. Ne3
Rxc4 34. Nxc4 Nxd4 35. Nxb6 Nc2 36. Kf1 Nxb4 37. Ke2 Kf7 38. Nc4 Ke6 39. Ke3 c5
40. Ke4 f5+ 41. Kf4 h6 42. h4 Nd3+ 43. Ke3 Ne5 44. Nb6 Ng4+ 45. Ke2 Ke5 46. f3
Nf6 47. Nc4+ Kd5 48. Ne3+ Ke6 49. g4 fxg4 50. fxg4 Nd5 51. Nf5 Kf6 52. Nd6 Ke5
53. Nf5 h5 54. Nxg7 hxg4 55. h5 Nf4+ 56. Ke3 Nd5+ 57. Ke2 Kf6 58. h6 Kg6 59. Kd3
g3 60. Ke2 c4 61. Ne6 c3 62. Nd4 Nf4+ 63. Kd1 g2 64. Nf3 Kxh6 65. Kc2 Nd5 66.
Kd3 Kh5 67. Ke2 c2 68. Kd2 Nb4 0-1

[Event "TCh-CHN"]
[Site "Guangzhou CHN"]
[Date "2010.09.12"]
[Round "12"]
[White "Zhou, Weiqi"]
[Black "Jia, Haoxiang"]
[Result "1-0"]
[WhiteTitle "GM"]
[WhiteElo "2584"]
[BlackElo "2373"]
[WhiteTeam "Lanpo JIANGSU"]
[BlackTeam "ZHEJIANG"]
[WhiteFideId "8601674"]
[BlackFideId "8602999"]
[EventDate "2010.05.23"]

1. c4 Nf6 2. d4 c6 3. Bf4 d5 4. e3 e6 5. Nc3 Nbd7 6. h3 Be7 7. Nf3 O-O 8. Qc2
Re8 9. a3 Nf8 10. Rd1 Bd6 11. Ne5 Bxe5 12. Bxe5 N6d7 13. Bg3 Qe7 14. Be2 dxc4
15. Bxc4 e5 16. Ne4 Ng6 17. Bb3 exd4 18. Nd6 d3 19. Qxd3 Nge5 20. Qc3 Rf8 21.
O-O Ng6 22. f4 c5 23. e4 b5 24. Bd5 Rb8 25. e5 b4 26. axb4 cxb4 27. Qd4 Kh8 28.
Qxa7 Rb6 29. Rfe1 Rxd6 30. exd6 Qxd6 31. Bxf7 Qf6 32. Be6 Nb8 33. Bxc8 Rxc8 34.
f5 Nc6 35. Qd7 1-0

[Event "TCh-CHN"]
[Site "Guangzhou CHN"]
[Date "2010.09.12"]
[Round "12"]
[White "Zhang, Jilin"]
[Black "Xu, Ruoying"]
[Result "1-0"]
[WhiteTitle "WGM"]
[WhiteElo "2281"]
[BlackElo "2028"]
[WhiteTeam "SHANGDONG Linglong"]
[BlackTeam "BEIJING Rendafuzhong"]
[WhiteFideId "8602867"]
[BlackFideId "8603707"]
[EventDate "2010.05.23"]

1. e4 e5 2. Nf3 Nc6 3. d4 exd4 4. Nxd4 Nf6 5. Nxc6 bxc6 6. e5 Qe7 7. Qe2 Nd5 8.
c4 Ba6 9. b3 g6 10. Bb2 Bg7 11. g3 O-O 12. Bg2 Rfe8 13. O-O Nb6 14. Re1 d5 15.
Nd2 Rad8 16. Rac1 Bb7 17. a4 dxc4 18. Nxc4 Nxc4 19. Qxc4 Qe6 20. b4 Rd2 21. Qxe6
Rxe6 22. Bc3 Rd8 23. f4 h5 24. Red1 Rb8 25. Bd4 Bf8 26. Bxa7 Ra8 27. Bc5 Bxc5+
28. bxc5 Rxa4 29. Rd7 Ba6 30. Rxc7 Bb5 31. Rd1 g5 32. fxg5 Kg7 33. Re1 Rc4 34.
Bh3 Rg4 35. Bxg4 hxg4 36. Rd7 Kg6 37. Kf2 Bc4 38. Rd6 Kxg5 39. Rxe6 Bxe6 40. Ke3
Bd5 41. Rf1 Kg6 42. Kf4 Kh5 43. Ra1 Bf3 44. Ra8 Kh6 45. Rg8 1-0

[Event "TCh-CHN"]
[Site "Guangzhou CHN"]
[Date "2010.09.12"]
[Round "12"]
[White "Wang, Hao"]
[Black "Ma, Qun"]
[Result "1-0"]
[WhiteTitle "GM"]
[WhiteElo "2715"]
[BlackElo "2369"]
[WhiteTeam "HEBEI"]
[BlackTeam "TIANJIN Nan Kai"]
[WhiteFideId "8602883"]
[BlackFideId "8603154"]
[EventDate "2010.05.23"]

1. e4 c5 2. Nf3 d6 3. d4 cxd4 4. Nxd4 Nf6 5. Nc3 e6 6. Be3 a6 7. Be2 Qc7 8. a4
Be7 9. f4 Nc6 10. O-O O-O 11. Kh1 Re8 12. Bf3 Bd7 13. Nb3 b6 14. g4 Bc8 15. g5
Nd7 16. Bg2 Rb8 17. Qd2 Bf8 18. Rad1 b5 19. axb5 axb5 20. Qe2 Ba6 21. Ra1 Qb7
22. Na5 Nxa5 23. Rxa5 b4 24. Qxa6 bxc3 25. Qxb7 Rxb7 26. b3 Nb8 27. Ra8 Ree7 28.
Rd1 Rec7 29. f5 Rb4 30. Kg1 g6 31. f6 h6 32. h4 hxg5 33. hxg5 Rc6 34. Rda1 Rb7
35. Kf2 Rcc7 36. Rh1 Nd7 37. Rh4 1-0

[Event "TCh-CHN"]
[Site "Guangzhou CHN"]
[Date "2010.09.12"]
[Round "12"]
[White "Li, Haoyu"]
[Black "Zhang, Pengxiang"]
[Result "1-0"]
[BlackTitle "GM"]
[WhiteElo "2369"]
[BlackElo "2605"]
[WhiteTeam "TIANJIN Nan Kai"]
[BlackTeam "HEBEI"]
[WhiteFideId "8601488"]
[BlackFideId "8600970"]
[EventDate "2010.05.23"]

1. e4 e6 2. d4 d5 3. e5 c5 4. c3 Bd7 5. Nf3 Qb6 6. Be2 Nc6 7. O-O Nge7 8. Na3
cxd4 9. cxd4 Nf5 10. Nc2 Be7 11. b3 Rc8 12. Rb1 Nb4 13. Nxb4 Qxb4 14. a4 Qb6 15.
Kh1 Bb4 16. Bd3 a5 17. Be3 Rc3 18. g4 Nxe3 19. fxe3 Be7 20. Ng1 O-O 21. Ne2 Rc7
22. Nf4 Qb4 23. Qf3 Rc3 24. g5 g6 25. h4 b5 26. Qh3 bxa4 27. h5 Rxd3 28. Nxd3
Qc3 29. hxg6 hxg6 30. Nf4 Kg7 31. Qh6+ Kg8 32. Qh3 Kg7 1-0

[Event "TCh-CHN"]
[Site "Guangzhou CHN"]
[Date "2010.09.12"]
[Round "12"]
[White "Cai, Jiaying"]
[Black "Zhai, Mo"]
[Result "0-1"]
[BlackTitle "WFM"]
[WhiteElo "2068"]
[BlackElo "2110"]
[WhiteTeam "TIANJIN Nan Kai"]
[BlackTeam "HEBEI"]
[WhiteFideId "8604312"]
[BlackFideId "8600201"]
[EventDate "2010.05.23"]

1. e4 c5 2. Nf3 d6 3. d4 cxd4 4. Nxd4 Nf6 5. f3 Nc6 6. c4 g6 7. Nc3 Bg7 8. Be3
O-O 9. Nb3 a5 10. Na4 Be6 11. Be2 Nd7 12. Qd2 Rc8 13. f4 b6 14. O-O Nb4 15. Rfc1
Nc5 16. Nbxc5 bxc5 17. Nc3 Qb6 18. Kh1 Nc6 19. Nb5 Nd4 20. Nxd4 cxd4 21. Bf2 a4
22. b4 axb3 23. axb3 Qxb3 24. Bxd4 Bxd4 25. Qxd4 Rb8 26. f5 Bd7 27. Ra7 Rb7 28.
Ra6 gxf5 29. e5 Qb2 30. Qe3 Qxe5 31. Qxe5 dxe5 32. c5 Rc8 33. h3 Bc6 34. Rd1 Rb2
35. Bf1 e4 36. Ra3 f4 0-1

[Event "TCh-CHN"]
[Site "Guangzhou CHN"]
[Date "2010.09.12"]
[Round "12"]
[White "Wang, Doudou"]
[Black "Ning, Chunhong"]
[Result "0-1"]
[BlackTitle "WGM"]
[WhiteElo "2225"]
[BlackElo "2347"]
[WhiteTeam "HEBEI"]
[BlackTeam "TIANJIN Nan Kai"]
[WhiteFideId "8603197"]
[BlackFideId "8600376"]
[EventDate "2010.05.23"]

1. d4 d5 2. Nf3 Nf6 3. c4 dxc4 4. Nc3 a6 5. a4 e6 6. e3 c5 7. Bxc4 Nc6 8. O-O
Be7 9. Qe2 cxd4 10. Rd1 e5 11. exd4 exd4 12. Bxf7+ Kxf7 13. Qc4+ Kf8 14. Nxd4
Nxd4 15. Rxd4 Qb6 16. Be3 Be6 17. Qe2 Bc5 18. a5 Qc6 19. Rf4 Bxe3 20. Qxe3 Bf7
21. Rc1 Re8 22. Qd2 Qe6 23. h3 h5 24. Na4 Rh6 25. Nc5 Qe7 26. Rb4 Bd5 27. Rf4
Bc6 28. Nxa6 Rg6 29. f3 Qe2 30. Qxe2 Rxe2 31. g4 hxg4 32. hxg4 Rxb2 33. Nb8 Bd5
34. Rc7 Ra2 35. Nd7+ Ke8 36. Ne5 Rg5 37. Nc4 Bxc4 38. Rfxc4 Rb5 39. Rc1 Kf8 40.
Rc8+ Kf7 41. R8c7+ Kg6 42. Re7 Kh6 43. Kf1 Raxa5 44. Rcc7 Rb2 45. g5+ Kxg5 46.
Rxg7+ Kf4 47. Rc1 Kxf3 48. Rc3+ Kf4 49. Rc1 Ne4 50. Rd1 Ng3+ 51. Kg1 Rh5 52.
Rd4+ Ke5 53. Rd5+ Kxd5 54. Rd7+ Ke4 55. Rd4+ Ke5 56. Rd5+ Kf4 0-1

[Event "TCh-CHN"]
[Site "Guangzhou CHN"]
[Date "2010.09.12"]
[Round "12"]
[White "Yu, Yangyi"]
[Black "Lou, Yiping"]
[Result "1-0"]
[WhiteTitle "GM"]
[WhiteElo "2574"]
[BlackElo "2429"]
[WhiteTeam "BEIJING Aigo"]
[BlackTeam "SHANGHAI Jianqiao"]
[WhiteFideId "8603820"]
[BlackFideId "8603928"]
[EventDate "2010.05.23"]

1. e4 Nf6 2. e5 Nd5 3. d4 d6 4. Nf3 dxe5 5. Nxe5 c6 6. Be2 Bf5 7. O-O Nd7 8. Bg4
Bxg4 9. Qxg4 N5f6 10. Qf3 e6 11. c4 Qb6 12. Rd1 Rd8 13. Nc3 Nxe5 14. dxe5 Rxd1+
15. Qxd1 Nd7 16. Bf4 Qb4 17. Qd2 Be7 18. Rd1 Nb6 19. b3 O-O 20. Qd3 Qa5 21. Qg3
Rd8 22. Rxd8+ Bxd8 23. Bh6 g6 24. Qd3 Be7 25. f4 Qc5+ 26. Kf1 Qa3 27. Qd2 Qb4
28. Ke2 f5 29. exf6 Bxf6 30. Qe3 Kf7 31. Ne4 Be7 32. Bg5 h6 33. Bxh6 Qa5 34. Bg5
Qxa2+ 35. Kf3 Qb1 36. Bxe7 Kxe7 37. Nc5 Qf5 38. g4 Qf6 39. Kg3 Nd7 40. Nxb7 Qa1
41. Nc5 Nxc5 42. Qxc5+ Kf7 43. Qe3 Qa2 44. Qd3 Ke7 45. c5 Qa1 46. Qd6+ Kf7 47.
Qd7+ Kf8 48. Qxe6 Qg1+ 49. Kh4 1-0

[Event "TCh-CHN"]
[Site "Guangzhou CHN"]
[Date "2010.09.12"]
[Round "12"]
[White "Zhang, Xiaowen"]
[Black "Zhao, Xue"]
[Result "1/2-1/2"]
[WhiteTitle "WGM"]
[BlackTitle "GM"]
[WhiteElo "2437"]
[BlackElo "2490"]
[WhiteTeam "SHANGHAI Jianqiao"]
[BlackTeam "BEIJING Aigo"]
[WhiteFideId "8603219"]
[BlackFideId "8601283"]
[EventDate "2010.05.23"]

1. e4 e5 2. Nf3 Nc6 3. Bb5 Nge7 4. O-O g6 5. c3 Bg7 6. d4 exd4 7. cxd4 a6 8. Ba4
b5 9. Bb3 O-O 10. Bg5 h6 11. Bh4 Na5 12. Bc2 d6 13. Nc3 Bg4 14. h3 Bxf3 15. gxf3
Qd7 16. Kg2 Nac6 17. Ne2 f5 18. Bg3 f4 19. Bxf4 Nxd4 20. Nxd4 Rxf4 21. Bb3+ Kh7
22. Be6 Qe8 23. Qd2 Rf8 24. Bb3 Bxd4 25. Qxd4 Nc6 26. Qe3 g5 27. Rac1 Rc8 28.
Be6 Qxe6 29. Rxc6 Qxa2 30. Qc3 Rf7 31. b3 Qe2 32. Re1 b4 33. Rxe2 bxc3 34. Rc2
Ra8 35. R2xc3 Ra7 36. b4 Rb7 37. Rxa6 Kg6 38. Rc4 Kh5 39. Rac6 Ra7 40. Rc3 Rb7
41. b5 Rxb5 42. Rxc7 Rxc7 43. Rxc7 d5 44. Rd7 dxe4 45. fxe4 Rb1 46. Rd3 Re1 47.
Kf3 Kg6 48. Re3 Rh1 49. Kg2 Ra1 50. Rb3 Kf6 51. Kf3 h5 52. Rb6+ Ke5 53. Rb5+ Kf6
54. h4 g4+ 55. Kf4 Kg6 56. Rb6+ Kg7 57. Kg5 Ra5+ 58. Kf4 Ra2 59. Kg5 Ra5+ 60.
Kf4 Ra2 61. Kg5 Ra5+ 62. Kf4 Ra1 63. e5 Ra2 64. Kg5 1/2-1/2

[Event "TCh-CHN"]
[Site "Guangzhou CHN"]
[Date "2010.09.12"]
[Round "12"]
[White "Wang, Yu A."]
[Black "Ju, Wenjun"]
[Result "1-0"]
[WhiteTitle "IM"]
[BlackTitle "WGM"]
[WhiteElo "2335"]
[BlackElo "2500"]
[WhiteTeam "BEIJING Aigo"]
[BlackTeam "SHANGHAI Jianqiao"]
[WhiteFideId "8601097"]
[BlackFideId "8603006"]
[EventDate "2010.05.23"]

1. e4 c5 2. Nf3 d6 3. d4 cxd4 4. Qxd4 a6 5. c4 Nc6 6. Qe3 Bg4 7. Be2 Nf6 8. O-O
e6 9. Nc3 Be7 10. b3 O-O 11. Bb2 Qa5 12. Rfd1 Rfd8 13. h3 Bh5 14. Nd4 Nxd4 15.
Qxd4 Bxe2 16. Nxe2 Qg5 17. Ng3 h5 18. e5 dxe5 19. Qxe5 Qxe5 20. Bxe5 h4 21. Ne2
Rac8 22. Bc3 Ne4 23. Ba5 Rxd1+ 24. Rxd1 b5 25. cxb5 axb5 26. Rc1 Ra8 27. b4 Nd2
28. Nd4 Nc4 29. Nc6 Bd6 30. Rd1 Ra6 31. Nd4 Nxa5 32. bxa5 b4 33. Nb3 Kf8 34. Rc1
Ke7 35. Kf1 g5 36. Ke2 f5 37. Kd3 Bf4 38. Rc8 Ra7 39. Kc4 Kd7 40. Rg8 Rc7+ 41.
Kb5 Kd6 42. a6 Kd5 43. Rd8+ Bd6 44. Na5 Rc5+ 45. Ka4 Ke5 46. Rxd6 1-0

[Event "TCh-CHN"]
[Site "Guangzhou CHN"]
[Date "2010.09.12"]
[Round "12"]
[White "Liang, Chong"]
[Black "Wang, Chen"]
[Result "0-1"]
[WhiteTitle "GM"]
[WhiteElo "2502"]
[BlackElo "2390"]
[WhiteTeam "GUANGDONG Huateng"]
[BlackTeam "China Mobile CHONGQING"]
[WhiteFideId "8600899"]
[BlackFideId "8601020"]
[EventDate "2010.05.23"]

1. d4 d5 2. c4 e6 3. Nf3 Nf6 4. Nc3 Nbd7 5. Bf4 dxc4 6. e3 b5 7. Nxb5 Nd5 8.
Bxc4 Bb4+ 9. Kf1 Nxf4 10. exf4 O-O 11. a3 Be7 12. Qc2 Bb7 13. Bd3 Nf6 14. Qxc7
Bxf3 15. Qxd8 Rfxd8 16. gxf3 a6 17. Nc7 Rac8 18. Nxa6 Rxd4 19. Rd1 Ra8 20. Bxh7+
Kxh7 21. Rxd4 Rxa6 22. f5 Nd5 23. fxe6 fxe6 24. Kg2 Bf6 25. Rd2 Rb6 26. Rb1 Rb3
27. a4 Nb6 28. Re2 Nxa4 29. Rxe6 Nc3 30. Rc1 Nd5 31. Kg3 Rxb2 32. Rd1 Ne7 33.
Rd7 Nf5+ 34. Kg4 Kg6 35. Rd5 Ne7 36. Rd7 Kf7 37. Re4 Rxf2 38. Kg3 Rf1 39. Rb7
Rg1+ 40. Kf2 Ra1 41. Kg3 Ra8 42. h4 Kf8 43. Kg4 Nc6 44. f4 Ra1 45. Re3 Ra4 46.
Rc7 Ne7 47. Rb3 Be5 48. Rcb7 Rxf4+ 49. Kh3 Nf5 50. R3b4 Bd4 51. Rd7 Rxh4+ 52.
Kg2 Kg8 53. Kf3 Kh7 54. Rd5 Kg6 55. Ra4 Kg5 56. Ke2 Rh2+ 57. Kf3 Rf2+ 58. Ke4
Bf6 59. Kd3 Kg6 60. Raa5 Ne7 61. Rd6 Kf7 62. Ra7 g5 63. Ke3 Rf5 64. Ke4 Rf1 65.
Rd3 Rf4+ 66. Ke3 Kg6 67. Ke2 Nc6 68. Ra8 Nd4+ 69. Ke1 g4 70. Rg8+ Kf5 71. Rf8
Ke5 0-1

[Event "TCh-CHN"]
[Site "Guangzhou CHN"]
[Date "2010.09.12"]
[Round "12"]
[White "Le, Thanh Tu"]
[Black "Tan, Zhongyi"]
[Result "1/2-1/2"]
[WhiteTitle "WGM"]
[BlackTitle "WGM"]
[WhiteElo "2318"]
[BlackElo "2464"]
[WhiteTeam "GUANGDONG Huateng"]
[BlackTeam "China Mobile CHONGQING"]
[WhiteFideId "12401005"]
[BlackFideId "8603642"]
[EventDate "2010.05.23"]

1. Nf3 Nf6 2. c4 g6 3. Nc3 Bg7 4. e4 d6 5. d4 O-O 6. h3 e5 7. d5 Nh5 8. g3 Qe8
9. Bg2 f5 10. exf5 gxf5 11. O-O Na6 12. Ng5 Nf6 13. Be3 Qe7 14. Qd2 Kh8 15. Rad1
Bd7 16. a3 b6 17. b4 Rae8 18. Nb5 h6 19. Nf3 f4 20. Nh4 Kg8 21. gxf4 Ne4 22. Ng6
Nxd2 23. Nxe7+ Rxe7 24. Bxd2 exf4 25. Rfe1 Be5 26. Bf3 Bxh3 27. Kh2 Bf5 28. Nxa7
Nb8 29. Bc3 Rff7 30. Bxe5 dxe5 31. Be4 Bxe4 32. Rxe4 Rf5 33. Rg1+ Kh7 34. Kg2
Nd7 35. Nc6 Re8 36. Kf3 Nf6 37. a4 Nxe4 38. Kxe4 Rh5 39. c5 bxc5 40. bxc5 Rh2
41. Rf1 Rg2 42. a5 Rg4 43. Kf3 h5 44. a6 e4+ 45. Ke2 e3 46. a7 exf2+ 47. Kxf2 f3
48. Ra1 Rg2+ 49. Kxf3 Rgg8 50. Nb8 Rgf8+ 51. Kg2 Re2+ 52. Kg1 Rff2 53. a8=Q Rg2+ 1/2-1/2

[Event "TCh-CHN"]
[Site "Guangzhou CHN"]
[Date "2010.09.12"]
[Round "12"]
[White "Huang, Qian"]
[Black "Kuang, Yinghui"]
[Result "1-0"]
[WhiteTitle "WGM"]
[BlackTitle "WIM"]
[WhiteElo "2439"]
[BlackElo "2202"]
[WhiteTeam "China Mobile CHONGQING"]
[BlackTeam "GUANGDONG Huateng"]
[WhiteFideId "8602689"]
[BlackFideId "8600988"]
[EventDate "2010.05.23"]

1. d4 d5 2. c4 e6 3. Nc3 Be7 4. Bg5 Nf6 5. e3 h6 6. Bh4 O-O 7. Nf3 b6 8. cxd5
exd5 9. Bd3 Bb7 10. O-O Ne4 11. Bxe7 Qxe7 12. Rc1 Rc8 13. Qb3 Nxc3 14. Rxc3 Nd7
15. Bf5 g6 16. Bxd7 Qxd7 17. Ne5 Qe8 18. e4 c5 19. Rf3 Rc7 20. Ng4 Qe6 21. Nf6+
Kg7 22. exd5 c4 23. Qb5 a6 24. Qb4 Bxd5 25. Re1 Qc6 26. Nxd5 Qxd5 27. Qxb6 Rd7
28. Rf4 Qd6 29. Qxd6 Rxd6 30. Re7 Rf6 31. Rxf6 Kxf6 32. Rb7 Rd8 33. Rb6+ Kf5 34.
Kf1 Rxd4 35. Ke2 Re4+ 36. Kd2 Rd4+ 37. Kc3 Re4 38. Rxa6 Re2 39. Rd6 Rxf2 40. Rd2
Rf4 41. a4 Ke5 42. a5 g5 43. g3 Re4 44. a6 Kf6 45. Rd6+ 1-0

[Event "TCh-CHN"]
[Site "Guangzhou CHN"]
[Date "2010.10.13"]
[Round "13"]
[White "Zhou, Weiqi"]
[Black "Wang, Chen"]
[Result "1-0"]
[WhiteTitle "GM"]
[WhiteElo "2584"]
[BlackElo "2390"]
[WhiteTeam "Lanpo JIANGSU"]
[BlackTeam "China Mobile CHONGQING"]
[WhiteFideId "8601674"]
[BlackFideId "8601020"]
[EventDate "2010.05.23"]

1. d4 d5 2. c4 e6 3. Nf3 Nf6 4. g3 g6 5. Bg2 Bg7 6. O-O O-O 7. Nc3 Nc6 8. b3 Ne4
9. Bb2 Nxc3 10. Bxc3 Re8 11. e3 a5 12. Qe2 b6 13. Rfd1 Ba6 14. Qb2 Qe7 15. Rac1
Rad8 16. cxd5 exd5 17. a3 Na7 18. Ne5 c5 19. a4 Bxe5 20. dxe5 Qe6 21. f4 Nc6 22.
Bf3 Ne7 23. g4 d4 24. exd4 Nd5 25. Qd2 Nxc3 26. Qxc3 cxd4 27. Qb2 d3 28. Rc6 Qd7
29. Qf2 Re6 30. Rxb6 Rxb6 31. Qxb6 Qd4+ 32. Qxd4 Rxd4 33. Kf2 Rxf4 34. Ke3 Rb4
35. Bd5 Rxg4 36. e6 Rg5 37. exf7+ Kg7 38. Kd4 Rf5 39. Rd2 g5 40. Be6 Rf1 41. Kc5
Rf6 42. Bc4 Bxc4 43. bxc4 Kxf7 44. Rxd3 Rf2 45. h3 Rb2 46. Kd6 Rb4 47. c5 Rxa4
48. c6 Rc4 49. Rd5 Kf6 50. c7 Rxc7 51. Kxc7 a4 52. Kd6 h5 53. h4 1-0